<?xml version="1.0" encoding="UTF-8"?>
<collection xmlns="http://www.loc.gov/MARC21/slim">
<record>
  <controlfield tag="001">358318</controlfield>
  <controlfield tag="005">20250228173218.0</controlfield>
  <datafield tag="150" ind1=" " ind2=" ">
    <subfield code="a">GlideR - Auftraggelötete Gleitbeläge zur Verschleißreduzierung</subfield>
    <subfield code="y">2023-06-01 - 2025-08-31</subfield>
  </datafield>
  <datafield tag="856" ind1="4" ind2=" ">
    <subfield code="u">https://www.igf-foerderung.de/gefoerderte-projekte/projektdatenbank?tx_igfprojects_search%5Baction%5D=detail%5Bcontroller%5D=Search%5Bitem%5D=13045%5Bterm%5D=GlideR=a0d00a247c3a06b561c6d8058d69b18d</subfield>
    <subfield code="w">b</subfield>
    <subfield code="y">Homepage</subfield>
  </datafield>
  <datafield tag="909" ind1="C" ind2="O">
    <subfield code="o">oai:juser.fz-juelich.de:1040324</subfield>
    <subfield code="p">authority:GRANT</subfield>
    <subfield code="p">authority</subfield>
  </datafield>
  <datafield tag="450" ind1=" " ind2=" ">
    <subfield code="a">IGF22732N</subfield>
    <subfield code="w">d</subfield>
    <subfield code="y">2023-06-01 - 2025-08-31</subfield>
  </datafield>
  <datafield tag="450" ind1=" " ind2=" ">
    <subfield code="a">DVS07.3598</subfield>
    <subfield code="y">2023-06-01 - 2025-08-31</subfield>
  </datafield>
  <datafield tag="980" ind1=" " ind2=" ">
    <subfield code="a">G</subfield>
  </datafield>
  <datafield tag="980" ind1=" " ind2=" ">
    <subfield code="a">AUTHORITY</subfield>
  </datafield>
  <datafield tag="024" ind1="7" ind2=" ">
    <subfield code="2">I:(DE-82)419010_20140620</subfield>
    <subfield code="a">G:(BMWK)IGF22732N</subfield>
    <subfield code="d">IGF22732N</subfield>
  </datafield>
  <datafield tag="510" ind1="1" ind2=" ">
    <subfield code="0">I:(DE-588b)1249079764</subfield>
    <subfield code="a">Bundesministerium für Wirtschaft und Klimaschutz</subfield>
    <subfield code="b">BMWK</subfield>
  </datafield>
  <datafield tag="510" ind1="1" ind2=" ">
    <subfield code="0">I:(DE-588b)5253469-8</subfield>
    <subfield code="a">Deutsches Zentrum für Luft- und Raumfahrt</subfield>
    <subfield code="b">DLR</subfield>
  </datafield>
  <datafield tag="680" ind1=" " ind2=" ">
    <subfield code="a">Reibung und Verschleiß von tribologischen Kontaktflächen erzeugen weltweit jährlich Schäden in Milliardenhöhe. Durch die Instandhaltung und Erneuerung verschlissener Bauteile entsteht ein enormer Energieverbrauch und CO2 Ausstoß, sodass hierdurch nicht nur hohe Kosten, sondern auch eine Belastung der Umwelt hervorgerufen wird. Die Entwicklung und Herstellung tribologisch abgestimmter Bauteile und Konstruktionselemente ist aus diesem Grund ein wichtiger Schlüssel, um dem Problem von Reibung und Verschleiß entgegenzuwirken. Eine besondere Rolle spielt dies im Bereich der Gleitlagerherstellung und -beschichtung, da diese Lager vielseitig einsetzbare Bauteile sind. Sie finden Anwendung in zahlreichen Branchen wie dem Energiesektor, dem Automobilbau oder auch der Luft- und Raumfahrttechnik.</subfield>
  </datafield>
  <datafield tag="035" ind1=" " ind2=" ">
    <subfield code="a">G:(BMWK)IGF22732N</subfield>
  </datafield>
  <datafield tag="909" ind1="C" ind2="O">
    <subfield code="o">oai:juser.fz-juelich.de:1040324</subfield>
  </datafield>
</record>
</collection>